Sổ tay người trồng rau

में बचाया:
ग्रंथसूची विवरण
मुख्य लेखक: Nguyễn Văn Thắng
स्वरूप: पुस्तक
भाषा:Undetermined
प्रकाशित: Hà Nội Nông Nghiệp 1999
विषय:
टैग : टैग जोड़ें
कोई टैग नहीं, इस रिकॉर्ड को टैग करने वाले पहले व्यक्ति बनें!
Thư viện lưu trữ: Trung tâm Học liệu Trường Đại học Cần Thơ
LEADER 00566nam a2200193Ia 4500
001 CTU_32898
008 210402s9999 xx 000 0 und d
020 |b 14.000đ 
082 |a 635 
082 |b Th116 
100 |a Nguyễn Văn Thắng 
245 0 |a Sổ tay người trồng rau 
245 0 |c Nguyễn Văn Thắng, Trần Khắc Thi 
260 |a Hà Nội 
260 |b Nông Nghiệp 
260 |c 1999 
650 |a horticulture,vegetables 
904 |i Minh, 990827 
980 |a Trung tâm Học liệu Trường Đại học Cần Thơ